[Event "CYCC U16"]
[Site "Kapuskasing CAN"]
[Date "2004.07.06"]
[Round "1"]
[White "Tessier, Adam"]
[Black "Ho, Martin"]
[Result "0-1"]
[WhiteElo "796"]
[BlackElo "1713"]
[PlyCount "58"]
[GameId "2160767911095976"]
[EventDate "2004.07.06"]
[EventType "swiss"]
[EventRounds "7"]
[EventCountry "CAN"]
[SourceTitle "EXT 2006"]
[Source "ChessBase"]
[SourceDate "2005.11.24"]
[SourceVersion "1"]
[SourceVersionDate "2005.11.24"]
[SourceQuality "1"]

1. e4 e6 2. d4 d5 3. exd5 exd5 4. Nc3 c6 5. g3 Bd6 6. Nf3 Ne7 7. Ng5 h6 8. Qh5 g6 9. Qf3 hxg5 10. Bxg5 Bf5 11. Bd3 Bxd3 12. cxd3 Nd7 13. O-O-O Qc7 14. Rhe1 Nf8 15. Bf6 Rh7 16. Rxe7+ Bxe7 17. Re1 Ne6 18. h4 O-O-O 19. Be5 Bd6 20. Bf6 Re8 21. Na4 Qa5 22. Qd1 Be7 23. Bxe7 Rxe7 24. a3 f6 25. b4 Qc7 26. Nc5 Nxc5 27. dxc5 Rxe1 28. Qxe1 Qe5 29. Qf1 Qa1+ 0-1

[Event "CYCC U16"]
[Site "Kapuskasing CAN"]
[Date "2004.07.06"]
[Round "1"]
[White "Wang, David"]
[Black "Hawley, Robert"]
[Result "1/2-1/2"]
[WhiteElo "2143"]
[BlackElo "1693"]
[PlyCount "150"]
[GameId "2160767911095977"]
[EventDate "2004.07.06"]
[EventType "swiss"]
[EventRounds "7"]
[EventCountry "CAN"]

1. e4 e5 2. Nf3 Nc6 3. Bb5 a6 4. Ba4 Nf6 5. O-O b5 6. Bb3 Be7 7. Re1 O-O 8. c3 d5 9. exd5 Nxd5 10. Nxe5 Nxe5 11. Rxe5 c6 12. d3 Bd6 13. Re1 Bf5 14. Qf3 Qd7 15. Bxd5 cxd5 16. Bf4 Bxf4 17. Qxf4 Bxd3 18. Nd2 Rfe8 19. Qd4 Bf5 20. Nf1 Re4 21. Qd2 Rg4 22. Ne3 Rg6 23. Qxd5 Qxd5 24. Nxd5 Kf8 25. Ne7 Rf6 26. Nxf5 Rxf5 27. Rad1 a5 28. Re4 g6 29. Kf1 Ra7 30. Rdd4 Rc7 31. f3 a4 32. a3 Rfc5 33. Ke2 f5 34. Re3 Kf7 35. Kd2 Rc4 36. Re5 Rxd4+ 37. cxd4 Rb7 38. Kc3 h5 39. h4 Rc7+ 40. Rc5 Re7 41. Kd2 Rb7 42. b4 axb3 43. Kc3 b4+ 44. axb4 b2 45. Kxb2 Rxb4+ 46. Kc3 Ra4 47. Kd3 Ra2 48. Rc2 Ra3+ 49. Ke2 Ra4 50. Ke3 Ra3+ 51. Kf4 Rd3 52. Rc7+ Kf6 53. Rc6+ Kf7 54. Kg5 Rd2 55. Rf6+ Ke7 56. Rxg6 Rxg2+ 57. Kxf5 Rh2 58. Kg5 Rd2 59. Kxh5 Rxd4 60. Kg5 Kf7 61. Rf6+ Kg7 62. f4 Rd2 63. Rg6+ Kf7 64. f5 Rg2+ 65. Kh6 Rf2 66. Rg5 Kf6 67. h5 Rf1 68. Rg8 Kf7 69. Kh7 Rxf5 70. Rg7+ Kf8 71. h6 Rf7 72. Kh8 Rf6 73. h7 Rf5 74. Rg6 Rf4 75. Rg7 Rf7 1/2-1/2

[Event "CYCC U16"]
[Site "Kapuskasing CAN"]
[Date "2004.07.06"]
[Round "1"]
[White "Wong, Wylon"]
[Black "Mollison, Shawn"]
[Result "1-0"]
[WhiteElo "1826"]
[BlackElo "1019"]
[PlyCount "65"]
[GameId "2160767911095978"]
[EventDate "2004.07.06"]
[EventType "swiss"]
[EventRounds "7"]
[EventCountry "CAN"]
[SourceTitle "EXT 2006"]
[Source "ChessBase"]
[SourceDate "2005.11.24"]
[SourceVersion "1"]
[SourceVersionDate "2005.11.24"]
[SourceQuality "1"]

1. d4 d5 2. c4 Nf6 3. Nc3 e6 4. Bg5 Nbd7 5. e3 Bd6 6. Nf3 h6 7. Bh4 g5 8. Bg3 Bxg3 9. hxg3 Ne4 10. Bd3 Nxc3 11. bxc3 c6 12. cxd5 cxd5 13. Qa4 a6 14. Rb1 f5 15. Ne5 Rb8 16. Bxa6 Ke7 17. Ng6+ Kf6 18. Nxh8 Qxh8 19. Bb5 Qh7 20. Qa7 f4 21. O-O e5 22. Bxd7 Qxd7 23. Qxb8 e4 24. gxf4 gxf4 25. Qxf4+ Qf5 26. Rb6+ Be6 27. Qxh6+ Qg6 28. Rxe6+ Kxe6 29. Qxg6+ Kd7 30. Rb1 Kc7 31. Qf7+ Kd6 32. Rxb7 Kc6 33. Qd7# 1-0

[Event "CYCC U16"]
[Site "Kapuskasing CAN"]
[Date "2004.07.06"]
[Round "2"]
[White "Brauer, Mark"]
[Black "Tessier, Adam"]
[Result "1-0"]
[WhiteElo "1429"]
[BlackElo "796"]
[PlyCount "47"]
[GameId "2160767911095979"]
[EventDate "2004.07.06"]
[EventType "swiss"]
[EventRounds "7"]
[EventCountry "CAN"]
[SourceTitle "EXT 2006"]
[Source "ChessBase"]
[SourceDate "2005.11.24"]
[SourceVersion "1"]
[SourceVersionDate "2005.11.24"]
[SourceQuality "1"]

1. e4 e6 2. d4 d5 3. Nd2 Nc6 4. c3 Nf6 5. e5 Ne4 6. Nxe4 dxe4 7. Qc2 f6 8. exf6 gxf6 9. Qxe4 f5 10. Qc2 e5 11. dxe5 Nxe5 12. Bf4 Qe7 13. O-O-O Ng4 14. Nf3 Bh6 15. Bxh6 Nxh6 16. Re1 Be6 17. Bc4 O-O 18. Rxe6 Qc5 19. Rc6+ Qxc4 20. Rxc4 c6 21. Qb3 Rae8 22. Rxc6+ Nf7 23. Rc7 Re4 24. Ng5 1-0

[Event "CYCC U16"]
[Site "Kapuskasing CAN"]
[Date "2004.07.06"]
[Round "2"]
[White "Hawley, Robert"]
[Black "Carayanniotis, Jason"]
[Result "0-1"]
[WhiteElo "1693"]
[BlackElo "1578"]
[PlyCount "102"]
[GameId "2160767911095980"]
[EventDate "2004.07.06"]
[EventType "swiss"]
[EventRounds "7"]
[EventCountry "CAN"]
[SourceTitle "EXT 2006"]
[Source "ChessBase"]
[SourceDate "2005.11.24"]
[SourceVersion "1"]
[SourceVersionDate "2005.11.24"]
[SourceQuality "1"]

1. e4 c5 2. Nf3 Nc6 3. c3 g6 4. d4 cxd4 5. cxd4 Bg7 6. Nc3 a6 7. Bf4 d6 8. Bc4 b5 9. Bd5 Bb7 10. O-O Nf6 11. Bb3 Na5 12. Bc2 Rc8 13. a3 O-O 14. Re1 Nc4 15. Qc1 Qc7 16. Bd2 Nd7 17. Bd3 Ndb6 18. Ne2 Nxd2 19. Qxd2 Qd7 20. Ng3 Rc7 21. b3 Rfc8 22. Rac1 Rc6 23. Ne2 h5 24. Nh4 Kh7 25. f4 Qg4 26. Nf3 Bh6 27. h3 Qd7 28. e5 Rxc1 29. Rxc1 Bxf3 30. Rxc8 Qxc8 31. gxf3 Qxh3 32. Kf2 Nd5 33. Qc2 Qh2+ 34. Ke1 Nxf4 35. Nxf4 Qxc2 36. Bxc2 Bxf4 37. exd6 Bxd6 38. a4 bxa4 39. bxa4 a5 40. Bd3 Kh6 41. d5 Kg5 42. Kf2 Kf4 43. Bc4 h4 44. Kg2 g5 45. Be2 f5 46. Bd1 g4 47. fxg4 fxg4 48. Be2 h3+ 49. Kh1 g3 50. Bd1 g2+ 51. Kg1 Bc5+ 0-1

[Event "CYCC U16"]
[Site "Kapuskasing CAN"]
[Date "2004.07.06"]
[Round "2"]
[White "Ho, Martin"]
[Black "Wang, David"]
[Result "0-1"]
[WhiteElo "1713"]
[BlackElo "2143"]
[PlyCount "136"]
[GameId "2160767911095981"]
[EventDate "2004.07.06"]
[EventType "swiss"]
[EventRounds "7"]
[EventCountry "CAN"]
[SourceTitle "EXT 2006"]
[Source "ChessBase"]
[SourceDate "2005.11.24"]
[SourceVersion "1"]
[SourceVersionDate "2005.11.24"]
[SourceQuality "1"]

1. e4 e5 2. Nf3 Nc6 3. Nc3 Nf6 4. d4 exd4 5. Nxd4 Bb4 6. Nxc6 bxc6 7. Bd3 d5 8. exd5 cxd5 9. O-O O-O 10. Bg5 Be7 11. Bxf6 Bxf6 12. Qh5 g6 13. Qxd5 Rb8 14. Qxd8 Rxd8 15. Rab1 Be6 16. a3 Bg7 17. Na4 Rd4 18. b3 Bf8 19. Ra1 c5 20. Nb2 Bg7 21. Rad1 Bxb3 22. cxb3 Rxb3 23. Rd2 Rd8 24. Rfd1 Bxb2 25. Bc4 Rxd2 26. Rxd2 Rc3 27. Bf1 Bxa3 28. Rd8+ Kg7 29. Ra8 Rc1 30. Rxa7 Bb2 31. g3 Bd4 32. Ra2 Kf6 33. Kg2 h5 34. Bd3 Rc3 35. Bb1 Rb3 36. Bc2 Rb6 37. Bd3 Rb4 38. Rc2 g5 39. Bc4 Kg6 40. h3 f6 41. g4 h4 42. Kf3 Ra4 43. Ke4 Bxf2 44. Kd5 Bd4 45. Rd2 Ra3 46. Rd3 Ra1 47. Rf3 Re1 48. Bd3+ Kf7 49. Bf5 Re5+ 50. Kc4 Ke7 51. Rd3 Kd6 52. Rf3 Re1 53. Bh7 Rc1+ 54. Kb5 Kd5 55. Rf5+ Be5 56. Rf3 Rg1 57. Rd3+ Bd4 58. Bg8+ Ke5 59. Rf3 Rg3 60. Rf5+ Ke4 61. Bd5+ Ke3 62. Rf1 Rxh3 63. Rb1 Rg3 64. Be6 h3 65. Rb3+ Kf2 66. Rb1 Rg1 67. Rb3 h2 68. Bd5 h1=Q 0-1

[Event "CYCC U16"]
[Site "Kapuskasing CAN"]
[Date "2004.07.06"]
[Round "2"]
[White "Mollison, Shawn"]
[Black "Johnston, Marty"]
[Result "0-1"]
[WhiteElo "1019"]
[BlackElo "1441"]
[PlyCount "70"]
[GameId "2160767911095982"]
[EventDate "2004.07.06"]
[EventType "swiss"]
[EventRounds "7"]
[EventCountry "CAN"]
[SourceTitle "EXT 2006"]
[Source "ChessBase"]
[SourceDate "2005.11.24"]
[SourceVersion "1"]
[SourceVersionDate "2005.11.24"]
[SourceQuality "1"]

1. b3 c6 2. Bb2 d5 3. e3 Nf6 4. f4 Bf5 5. Nf3 Nbd7 6. d3 e6 7. Nbd2 Bd6 8. h3 Qc7 9. g4 Bg6 10. Qe2 h6 11. e4 dxe4 12. Nxe4 Bxe4 13. dxe4 Bxf4 14. e5 Bg3+ 15. Kd1 Nd5 16. g5 O-O-O 17. Rg1 Nf4 18. Bc1 Nxe2 19. Bxe2 Nxe5+ 20. Bd2 Bf4 21. Bd3 Nxf3 22. Rf1 Nxd2 23. Rf2 Ne4 24. Re2 Nc3+ 25. Ke1 Nxe2 26. Kxe2 Qe5+ 27. Kf1 Qxa1+ 28. Ke2 Rxd3 29. cxd3 Qb2+ 30. Kf3 Qh2 31. Ke4 Bxg5 32. Kd4 Rd8+ 33. Kc3 Qd2+ 34. Kc4 b5+ 35. Kc5 Qc3# 0-1

[Event "CYCC U16"]
[Site "Kapuskasing CAN"]
[Date "2004.07.06"]
[Round "2"]
[White "Peng, David"]
[Black "Pauric, Allen"]
[Result "1/2-1/2"]
[WhiteElo "2115"]
[BlackElo "1972"]
[PlyCount "102"]
[GameId "2160767911095983"]
[EventDate "2004.07.06"]
[EventType "swiss"]
[EventRounds "7"]
[EventCountry "CAN"]

1. Nf3 d5 2. b3 Nf6 3. Bb2 e6 4. e3 Be7 5. d4 b6 6. Bb5+ c6 7. Be2 Bb7 8. O-O O-O 9. Nbd2 Nbd7 10. c4 c5 11. dxc5 Nxc5 12. b4 Nce4 13. Qb3 Rc8 14. Rfd1 Qc7 15. Rac1 Qb8 16. Nxe4 Nxe4 17. Nd2 Nf6 18. a3 Rfd8 19. Bd4 dxc4 20. Bxc4 Ng4 21. Nf1 Bf6 22. Bxe6 Rxc1 23. Rxc1 Bxd4 24. Bxg4 Be5 25. Rd1 Rxd1 26. Qxd1 Qa8 27. f4 Bf6 28. Qd2 h6 29. Bd1 Bd5 30. Ng3 Qc6 31. Bc2 Bc3 32. Qd3 g6 33. e4 Ba2 34. Ne2 Bb2 35. Bb3 Bxb3 36. Qxb3 Bg7 37. Qd3 Qa4 38. e5 Qc6 39. h3 Bf8 40. Nc3 a5 41. Nd5 axb4 42. axb4 Bxb4 43. Kh2 Bc5 44. Nf6+ Kg7 45. Qd8 Bb4 46. Qd4 Bf8 47. Kg1 Bb4 48. Nd5 Kg8 49. Qd3 Kg7 50. Nf6 Bc5+ 51. Kh2 Bb4 1/2-1/2

[Event "CYCC U16"]
[Site "Kapuskasing CAN"]
[Date "2004.07.06"]
[Round "2"]
[White "Rodriguez, Aaron"]
[Black "Ramaswamy, Kishor"]
[Result "0-1"]
[WhiteElo "1733"]
[BlackElo "2024"]
[PlyCount "72"]
[GameId "2160767911095984"]
[EventDate "2004.07.06"]
[EventType "swiss"]
[EventRounds "7"]
[EventCountry "CAN"]
[SourceTitle "EXT 2006"]
[Source "ChessBase"]
[SourceDate "2005.11.24"]
[SourceVersion "1"]
[SourceVersionDate "2005.11.24"]
[SourceQuality "1"]

1. e4 e6 2. d4 d5 3. Nc3 dxe4 4. Nxe4 Nf6 5. Ng3 c6 6. Nf3 Qc7 7. Bd3 Be7 8. Bd2 Nbd7 9. c4 b6 10. Bc3 Bb7 11. Qe2 O-O 12. O-O-O c5 13. Kb1 cxd4 14. Bxd4 Bc5 15. Bc3 a5 16. a3 a4 17. h4 Rfd8 18. Rhg1 Bd6 19. Qe1 Nc5 20. Be2 Bxg3 21. fxg3 Rxd1+ 22. Qxd1 Rd8 23. Qe1 Be4+ 24. Ka1 Nd3 25. Qf1 Ng4 26. Bd1 Ne3 27. Qe2 Qc5 28. Rh1 Nc1 29. Qe1 Rxd1 30. Qxd1 Nxd1 31. Rxd1 Nb3+ 32. Ka2 h6 33. Ne5 f6 34. Rd8+ Kh7 35. Nf7 Qxc4 36. Rh8+ Kg6 0-1

[Event "CYCC U16"]
[Site "Kapuskasing CAN"]
[Date "2004.07.06"]
[Round "2"]
[White "Sadeghi Aval, Pouya"]
[Black "Mollison, William"]
[Result "1-0"]
[WhiteElo "1527"]
[BlackElo "1247"]
[PlyCount "91"]
[GameId "2160767911095985"]
[EventDate "2004.07.06"]
[EventType "swiss"]
[EventRounds "7"]
[EventCountry "CAN"]
[SourceTitle "EXT 2006"]
[Source "ChessBase"]
[SourceDate "2005.11.24"]
[SourceVersion "1"]
[SourceVersionDate "2005.11.24"]
[SourceQuality "1"]

1. d4 Nf6 2. Nf3 e6 3. a3 b6 4. Nc3 Bb7 5. Bg5 Be7 6. e3 O-O 7. Bd3 h6 8. Bh4 d5 9. Qe2 Nbd7 10. Bg3 Ne4 11. Bxe4 dxe4 12. Nd2 Nf6 13. Be5 Nd7 14. Bg3 f5 15. h3 Bd6 16. Bh2 Bxh2 17. Rxh2 c5 18. Nb3 Qc7 19. Rh1 c4 20. Nd2 Ba6 21. a4 Rab8 22. Ndb1 Rfc8 23. Na3 f4 24. Nab5 Bxb5 25. Nxb5 Qc6 26. Nxa7 Qc7 27. Nxc8 Rxc8 28. Qg4 Nf8 29. Qxf4 Qxf4 30. exf4 c3 31. b3 Ra8 32. Ke2 Ng6 33. g3 Rd8 34. Rhd1 Ne7 35. a5 bxa5 36. Rxa5 Nc6 37. Ra4 g5 38. fxg5 hxg5 39. Rc4 Rc8 40. b4 Ne7 41. Rxc8+ Nxc8 42. Ra1 Kf7 43. Ke3 Nd6 44. Ra7+ Kf6 45. Rc7 Nb5 46. Rc5 1-0

[Event "CYCC U16"]
[Site "Kapuskasing CAN"]
[Date "2004.07.06"]
[Round "2"]
[White "Tayar, Jonathan"]
[Black "Wong, Wylon"]
[Result "1-0"]
[WhiteElo "1959"]
[BlackElo "1826"]
[PlyCount "81"]
[GameId "2160767911095986"]
[EventDate "2004.07.06"]
[EventType "swiss"]
[EventRounds "7"]
[EventCountry "CAN"]
[SourceTitle "EXT 2006"]
[Source "ChessBase"]
[SourceDate "2005.11.24"]
[SourceVersion "1"]
[SourceVersionDate "2005.11.24"]
[SourceQuality "1"]

1. e4 d6 2. d4 Nf6 3. Nc3 c6 4. f4 Qa5 5. Bd2 e5 6. dxe5 dxe5 7. f5 Qc7 8. Bd3 Nbd7 9. Nf3 Bc5 10. h3 b5 11. Qe2 a5 12. g4 Nb6 13. a4 b4 14. Nd1 Bd6 15. b3 Nfd7 16. Nb2 Nc5 17. Nc4 Ba6 18. Be3 Nxd3+ 19. cxd3 Bxc4 20. dxc4 Nd7 21. Qf2 c5 22. O-O O-O-O 23. Rad1 Nf6 24. Nd2 Qc6 25. g5 Nd7 26. Qf3 f6 27. h4 Rdf8 28. Bf2 g6 29. Qg4 Rhg8 30. Be3 h6 31. fxg6 fxg5 32. h5 Kc7 33. Qe6 Rg7 34. Bxg5 hxg5 35. h6 Re7 36. Qg4 Rh8 37. g7 Rg8 38. h7 Rexg7 39. hxg8=Q Rxg8 40. Rf7 Kb6 41. Qxd7 1-0

[Event "CYCC U16"]
[Site "Kapuskasing CAN"]
[Date "2004.07.07"]
[Round "3"]
[White "Carayanniotis, Jason"]
[Black "Brauer, Mark"]
[Result "1-0"]
[WhiteElo "1578"]
[BlackElo "1429"]
[PlyCount "51"]
[GameId "2160767911095987"]
[EventDate "2004.07.06"]
[EventType "swiss"]
[EventRounds "7"]
[EventCountry "CAN"]
[SourceTitle "EXT 2006"]
[Source "ChessBase"]
[SourceDate "2005.11.24"]
[SourceVersion "1"]
[SourceVersionDate "2005.11.24"]
[SourceQuality "1"]

1. d4 Nf6 2. c4 c5 3. d5 b5 4. b3 g6 5. Nf3 bxc4 6. bxc4 Bg7 7. Bb2 O-O 8. Nbd2 d6 9. h3 Ba6 10. e4 Nbd7 11. Bd3 Rb8 12. Qc2 Rb4 13. O-O Qb8 14. Rab1 Nh5 15. Bxg7 Kxg7 16. Rxb4 Qxb4 17. Rb1 Qa5 18. Rb3 Nf4 19. Bf1 Rb8 20. Rxb8 Nxb8 21. Qb2+ f6 22. Qxb8 Qxa2 23. Qxa7 Bxc4 24. Qxe7+ Kh6 25. Qf8+ Kh5 26. g4# 1-0

[Event "CYCC U16"]
[Site "Kapuskasing CAN"]
[Date "2004.07.07"]
[Round "3"]
[White "Johnston, Marty"]
[Black "Ho, Martin"]
[Result "1-0"]
[WhiteElo "1441"]
[BlackElo "1713"]
[PlyCount "85"]
[GameId "2160767911095988"]
[EventDate "2004.07.06"]
[EventType "swiss"]
[EventRounds "7"]
[EventCountry "CAN"]
[SourceTitle "EXT 2006"]
[Source "ChessBase"]
[SourceDate "2005.11.24"]
[SourceVersion "1"]
[SourceVersionDate "2005.11.24"]
[SourceQuality "1"]

1. e4 e6 2. d4 d5 3. exd5 exd5 4. Bd3 Bd6 5. Nc3 c6 6. Nf3 Ne7 7. O-O O-O 8. h3 Bf5 9. Re1 Bg6 10. Ne5 Nd7 11. Bf4 Qc7 12. Qf3 Bxd3 13. Nxd3 Ng6 14. Bg3 Rae8 15. Re2 Bxg3 16. fxg3 Qb6 17. Qf2 Rxe2 18. Nxe2 Nf6 19. Nc3 Re8 20. Rf1 Re7 21. Na4 Qc7 22. Nc3 Qb6 23. Na4 Qb5 24. Nc3 Qc4 25. Ne5 Qb4 26. Nd3 Qd6 27. Kh2 Ne4 28. Nxe4 dxe4 29. Nf4 e3 30. Qe2 Qxd4 31. c3 Qd7 32. Rd1 Qe8 33. Nd3 b6 34. Nb4 Re6 35. Re1 f5 36. Qc4 Kh8 37. Re2 f4 38. gxf4 Re4 39. Qxc6 Nxf4 40. Re1 Qb8 41. Kh1 Re6 42. Qf3 Qe5 43. Nd3 1-0

[Event "CYCC U16"]
[Site "Kapuskasing CAN"]
[Date "2004.07.07"]
[Round "3"]
[White "Mollison, William"]
[Black "Hawley, Robert"]
[Result "0-1"]
[WhiteElo "1247"]
[BlackElo "1693"]
[PlyCount "86"]
[GameId "2160767911095989"]
[EventDate "2004.07.06"]
[EventType "swiss"]
[EventRounds "7"]
[EventCountry "CAN"]
[SourceTitle "EXT 2006"]
[Source "ChessBase"]
[SourceDate "2005.11.24"]
[SourceVersion "1"]
[SourceVersionDate "2005.11.24"]
[SourceQuality "1"]

1. e4 e5 2. Nf3 Nc6 3. Bc4 Nd4 4. Nxd4 exd4 5. Qf3 Qf6 6. Qxf6 Nxf6 7. d3 d6 8. c3 dxc3 9. Nxc3 c6 10. O-O Be6 11. Bxe6 fxe6 12. Re1 e5 13. Bg5 O-O-O 14. b4 h6 15. Bxf6 gxf6 16. a3 d5 17. exd5 cxd5 18. Rac1 Kb8 19. g3 h5 20. f4 Bh6 21. Rf1 Rhg8 22. Ne2 h4 23. Rc5 hxg3 24. hxg3 Rge8 25. Rc2 exf4 26. Nxf4 Re3 27. Rd2 Rxg3+ 28. Rg2 Bxf4 29. Rxg3 Bxg3 30. Rxf6 Rd6 31. Rxd6 Bxd6 32. d4 Kc7 33. Kf2 Kb6 34. Ke2 Kb5 35. Kd3 Ka4 36. Kc3 Kxa3 37. b5 Bb4+ 38. Kc2 b6 39. Kd3 Ka4 40. Kc2 Kxb5 41. Kb3 a5 42. Kb2 Kc4 43. Ka2 Kxd4 0-1

[Event "CYCC U16"]
[Site "Kapuskasing CAN"]
[Date "2004.07.07"]
[Round "3"]
[White "Pauric, Allen"]
[Black "Rodriguez, Aaron"]
[Result "1/2-1/2"]
[WhiteElo "1972"]
[BlackElo "1733"]
[PlyCount "86"]
[GameId "2160767911095990"]
[EventDate "2004.07.06"]
[EventType "swiss"]
[EventRounds "7"]
[EventCountry "CAN"]
[SourceTitle "EXT 2006"]
[Source "ChessBase"]
[SourceDate "2005.11.24"]
[SourceVersion "1"]
[SourceVersionDate "2005.11.24"]
[SourceQuality "1"]

1. d4 g6 2. Nf3 Bg7 3. Bf4 d6 4. e3 Nf6 5. h3 O-O 6. Be2 Nbd7 7. O-O Re8 8. c3 Nh5 9. Bh2 h6 10. a4 a5 11. Nbd2 e5 12. dxe5 dxe5 13. Nc4 Qe7 14. Qd5 Nhf6 15. Qb5 c6 16. Qb3 Nd5 17. e4 Nc5 18. Qc2 Nxe4 19. Ncxe5 Nef6 20. Bd3 Nd7 21. Rfe1 Nxe5 22. Bxe5 Be6 23. Re2 Bxe5 24. Rxe5 Qf6 25. Rae1 Kf8 26. Qe2 Re7 27. Nd4 Rae8 28. Nxe6+ Rxe6 29. Rxe6 Rxe6 30. Qd2 Qg5 31. Rd1 Nf4 32. g3 Nxh3+ 33. Kg2 Qxd2 34. Rxd2 Ng5 35. Bc4 Re4 36. b3 Ke7 37. f4 Nh7 38. Kf3 Nf6 39. Rd1 h5 40. Bd3 Re6 41. Bc4 Re4 42. Bd3 Re6 43. Bc4 Re4 1/2-1/2

[Event "CYCC U16"]
[Site "Kapuskasing CAN"]
[Date "2004.07.07"]
[Round "3"]
[White "Ramaswamy, Kishor"]
[Black "Tayar, Jonathan"]
[Result "1-0"]
[WhiteElo "2024"]
[BlackElo "1959"]
[PlyCount "53"]
[GameId "2160767911095991"]
[EventDate "2004.07.06"]
[EventType "swiss"]
[EventRounds "7"]
[EventCountry "CAN"]

1. d4 Nf6 2. Nf3 g6 3. Bg5 Bg7 4. Nbd2 d5 5. e3 O-O 6. Bd3 Nbd7 7. c3 Re8 8. O-O e5 9. dxe5 Nxe5 10. Nxe5 Rxe5 11. Nf3 Re8 12. Qb3 b6 13. Bb5 Bd7 14. Bxf6 Bxf6 15. Qxd5 Bxb5 16. Qxb5 c5 17. Rfd1 Qc7 18. Rd7 Qc8 19. Rad1 Re7 20. Kf1 Rxd7 21. Rxd7 a6 22. Qd3 Rb8 23. Qd6 Kg7 24. Ne5 Rb7 25. Rxb7 Qxb7 26. Nd7 Bd8 27. Qf8# 1-0

[Event "CYCC U16"]
[Site "Kapuskasing CAN"]
[Date "2004.07.07"]
[Round "3"]
[White "Wang, David"]
[Black "Peng Yu, David"]
[Result "1/2-1/2"]
[WhiteElo "2143"]
[BlackElo "2115"]
[PlyCount "32"]
[GameId "2160767911095993"]
[EventDate "2004.07.06"]
[EventType "swiss"]
[EventRounds "7"]
[EventCountry "CAN"]
[SourceTitle "EXT 2006"]
[Source "ChessBase"]
[SourceDate "2005.11.24"]
[SourceVersion "1"]
[SourceVersionDate "2005.11.24"]
[SourceQuality "1"]

1. e4 g6 2. d4 Bg7 3. Nc3 d6 4. Bc4 Nf6 5. Qe2 c6 6. e5 dxe5 7. dxe5 Nd5 8. Bd2 Nb6 9. Bb3 O-O 10. O-O-O Qc7 11. e6 f5 12. Nh3 c5 13. Bf4 Qc6 14. Bd5 Qe8 15. Be5 Bh6+ 16. Kb1 Nc6 1/2-1/2

[Event "CYCC U16"]
[Site "Kapuskasing CAN"]
[Date "2004.07.07"]
[Round "3"]
[White "Wong, Wylon"]
[Black "Sadeghi Aval, Pouya"]
[Result "0-1"]
[WhiteElo "1826"]
[BlackElo "1527"]
[PlyCount "112"]
[GameId "2160767911095994"]
[EventDate "2004.07.06"]
[EventType "swiss"]
[EventRounds "7"]
[EventCountry "CAN"]
[SourceTitle "EXT 2006"]
[Source "ChessBase"]
[SourceDate "2005.11.24"]
[SourceVersion "1"]
[SourceVersionDate "2005.11.24"]
[SourceQuality "1"]

1. d4 Nf6 2. c4 e6 3. Nc3 b6 4. e4 Bb7 5. Bd3 h6 6. Nf3 Nc6 7. O-O Be7 8. a3 e5 9. Bc2 exd4 10. Nxd4 Nxd4 11. Qxd4 O-O 12. e5 Nh7 13. Qd3 f5 14. Qh3 Ng5 15. Bxg5 Bxg5 16. Bxf5 Bf4 17. Bxd7 Bxe5 18. Qe6+ Rf7 19. Qxe5 Qxd7 20. Rad1 Qg4 21. Nd5 Qxc4 22. Ne3 Qe4 23. Qxe4 Bxe4 24. Rd4 Re8 25. Rfd1 Ree7 26. Ra4 a5 27. Rc4 Bb7 28. Rdc1 Rd7 29. R4c2 Be4 30. Rc4 Bb7 31. Rd1 Rde7 32. Kf1 Ba6 33. Kg1 Rxe3 34. Rxc7 Rxc7 35. fxe3 Rc2 36. b4 axb4 37. axb4 Bc4 38. Rd8+ Kh7 39. Rd6 b5 40. e4 Re2 41. Rd4 Kg6 42. h3 Kf6 43. Kh2 Ke5 44. Rd7 Kf6 45. Rd6+ Ke7 46. Rg6 Kf7 47. Rg4 Bd3 48. Rf4+ Ke6 49. Rg4 g5 50. h4 Rxe4 51. Kg3 Rxg4+ 52. Kxg4 gxh4 53. Kxh4 Be2 54. g4 Kf6 55. Kh5 Kg7 56. Kh4 Kg6 0-1

[Event "CYCC U16"]
[Site "Kapuskasing CAN"]
[Date "2004.07.07"]
[Round "4"]
[White "Brauer, Mark"]
[Black "Wong, Wylon"]
[Result "0-1"]
[WhiteElo "1429"]
[BlackElo "1826"]
[PlyCount "194"]
[GameId "2160767911095995"]
[EventDate "2004.07.06"]
[EventType "swiss"]
[EventRounds "7"]
[EventCountry "CAN"]
[SourceTitle "EXT 2006"]
[Source "ChessBase"]
[SourceDate "2005.11.24"]
[SourceVersion "1"]
[SourceVersionDate "2005.11.24"]
[SourceQuality "1"]

1. e4 d6 2. d4 Nf6 3. Nc3 c6 4. f4 Qa5 5. e5 dxe5 6. fxe5 Ne4 7. Bd3 Nxc3 8. Qd2 Qd5 9. bxc3 Bg4 10. h3 Bh5 11. Bb2 b5 12. a4 a6 13. axb5 cxb5 14. Ra5 Qb7 15. Ne2 e6 16. Nf4 Bg6 17. Nxg6 hxg6 18. Qe2 Nc6 19. Be4 Qb6 20. O-O Rd8 21. Qf3 Nxe5 22. Qf4 f6 23. Raa1 g5 24. Qf2 Rh4 25. Rae1 Rf4 26. Qe2 Rxf1+ 27. Rxf1 Rd7 28. Qh5+ Nf7 29. Bg6 Qc6 30. Qh8 Qd6 31. Re1 Kd8 32. Qh5 Nh6 33. Qe2 e5 34. dxe5 Qxe5 35. Qxe5 fxe5 36. Rxe5 Rd1+ 37. Kf2 Be7 38. Bh5 Rb1 39. Rd5+ Kc7 40. Be8 Bf8 41. Bxb5 axb5 42. Rxb5 Ba3 43. Rb3 Bxb2 44. g4 Nf7 45. Kf3 Ne5+ 46. Ke4 Re1+ 47. Kf5 Bc1 48. Rb1 Nf3 49. Kg6 Ng1 50. Kxg7 Nxh3 51. Kf6 Bd2 52. Rxe1 Bxe1 53. c4 Kc6 54. Ke5 Kc5 55. Ke4 Kxc4 56. Kf3 Kc3 57. Kg2 Nf4+ 58. Kf3 Kxc2 59. Ke4 Kd2 60. Kf5 Ke3 61. Kxg5 Nh3+ 62. Kf5 Bh4 63. Kg6 Kf4 64. Kh5 Bg5 65. Kg6 Kxg4 66. Kf7 Kf5 67. Ke8 Ke6 68. Kf8 Nf4 69. Ke8 Nd5 70. Kf8 Bf6 71. Ke8 Bh4 72. Kf8 Bg5 73. Ke8 Nf6+ 74. Kd8 Kd6 75. Kc8 Kc6 76. Kb8 Bf4+ 77. Ka7 Nd7 78. Ka8 Nb6+ 79. Ka7 Bc7 80. Ka6 Bb8 81. Ka5 Nd5 82. Ka4 Kc5 83. Kb3 Kd4 84. Kc2 Bg3 85. Kd2 Nc3 86. Kc2 Be1 87. Kb2 Kc5 88. Kc2 Kc4 89. Kc1 Kd3 90. Kb2 Ne4 91. Kb3 Nc5+ 92. Kb2 Bd2 93. Ka3 Kc2 94. Ka2 Bb4 95. Ka1 Nb3+ 96. Ka2 Nc1+ 97. Ka1 Bc3# 0-1

[Event "CYCC U16"]
[Site "Kapuskasing CAN"]
[Date "2004.07.07"]
[Round "4"]
[White "Ho, Martin"]
[Black "Mollison, Shawn"]
[Result "1-0"]
[WhiteElo "1713"]
[BlackElo "1019"]
[PlyCount "83"]
[GameId "2160767911095996"]
[EventDate "2004.07.06"]
[EventType "swiss"]
[EventRounds "7"]
[EventCountry "CAN"]
[SourceTitle "EXT 2006"]
[Source "ChessBase"]
[SourceDate "2005.11.24"]
[SourceVersion "1"]
[SourceVersionDate "2005.11.24"]
[SourceQuality "1"]

1. e4 e5 2. Nf3 Nf6 3. Nxe5 Nxe4 4. Qe2 d5 5. d3 Nd7 6. Nxd7 Bxd7 7. dxe4 dxe4 8. Qxe4+ Qe7 9. Qxe7+ Bxe7 10. Bc4 Bc6 11. O-O b5 12. Bb3 a5 13. a4 b4 14. Re1 Bd7 15. Nd2 c5 16. Bd5 Rd8 17. Bc4 Rc8 18. Ne4 O-O 19. Bf4 h6 20. Bd6 Rce8 21. Rad1 Bf5 22. Bxe7 Rxe7 23. Nf6+ gxf6 24. Rxe7 Bxc2 25. Rdd7 Bg6 26. h3 Kg7 27. Ra7 f5 28. f4 Kf6 29. Rec7 Kg7 30. Rxa5 Kg8 31. Raxc5 Kg7 32. a5 Kf6 33. a6 h5 34. h4 Kg7 35. a7 Kg8 36. Rc8 Kg7 37. a8=Q Rxc8 38. Rxc8 Kf6 39. Rc6+ Kg7 40. Qd8 Kh7 41. Rc8 Kg7 42. Qh8# 1-0